Morsi d'Africa Un operatore umanitario racconta

Saved in:
書目詳細資料
主要作者: Giorgio Trombatore
格式: 圖書
語言:Undetermined
出版: Verbavolant
標簽: 添加標簽
沒有標簽, 成為第一個標記此記錄!

MARC

LEADER 00000nam a2200000Ia 4500
001 R-554
003 CODICE-MESSINA
005 20260212102453.0
008 260211s9999 xx 000 0 und d
040 |c importazione_messina 
100 |a Giorgio Trombatore 
245 0 |a Morsi d'Africa 
245 0 |b Un operatore umanitario racconta 
260 |b Verbavolant 
942 |2 ddc  |c BK 
952 |0 0  |1 0  |2 ddc  |4 0  |6 SCAFFALE_5_000000000000000__ROMANZI  |7 0  |9 31374  |a ME  |b ME  |d 2026-02-11  |l 0  |o SCAFFALE 5 - ROMANZI  |p R-554  |r 2026-02-11 23:52:31  |w 2026-02-11  |x [REVISIONARE]  |y BK 
999 |c 27039  |d 27039